| 000 | 01384nam a2200277 a 4500 | ||
|---|---|---|---|
| 003 | BLK | ||
| 005 | 20250516123139.0 | ||
| 008 | 180820b bul||||| |||| 00| 0 bul d | ||
| 020 | _a9786191933112 | ||
| 040 | _aBLK | ||
| 041 |
_aBUL _cBUL |
||
| 080 |
_aБългарска литература _b821.163.2 _z821.163.2-93-34 |
||
| 100 |
_aАлександрова, Диана Александрова _eпърви автор _9474128 |
||
| 139 | _bА 51 | ||
| 245 |
_aЛенивият щърк _cДиана Александрова ; ил. Свилен Димитров ; прев. Мария Донева |
||
| 260 |
_9217678 _bАртлайн Студиос _aСофия _c2023 _dСтудио Арт Лайн _n978-619-193- ; 978-954-2908- |
||
| 300 |
_a32 с. _bс ил. _c22х22 см |
||
| 380 | _aDX | ||
| 500 | _aЗапознай се с автора, илюстратора: с. 32; Пълната форма на името на прев. Мария Донева е Мария Донева Петрова | ||
| 700 |
_9331509 _aДимитров, Свилен _eпърви автор |
||
| 700 |
_aДонева, Мария _qПетрова, Мария Донева _d1974- _gПоетеса, детска писателка. _9365115 |
||
| 942 |
_cKNG _n0 _015 _s1 |
||
| 944 |
_cНора Радева _k30537 _lГрета Цуфелде |
||
| 999 |
_c498723 _d498723 |
||
| 999 | _d498723 | ||
| 999 | _d498722 | ||